|
|
|
|
| LEADER |
00000nam0a2200000 4500 |
| 001 |
35282 |
| 005 |
20231030233140.0 |
| 010 |
|
|
|a 5247012925
|
| 035 |
|
|
|a (RuTPU)RU\TPU\book\35708
|
| 035 |
|
|
|a BOOK00002360
|
| 090 |
|
|
|a 35282
|
| 100 |
|
|
|a 20011210d1989 km y0rusy50 ca
|
| 101 |
0 |
|
|a rus
|
| 102 |
|
|
|a RU
|
| 105 |
|
|
|a a g 000zy
|
| 200 |
1 |
|
|a Приборы и средства контроля процессов бурения
|e Справочник
|f А. В. Мальцев, Л. М. Дюков
|
| 210 |
|
|
|a Москва
|c Недра
|d 1989
|
| 215 |
|
|
|a 253 с.
|
| 610 |
1 |
|
|a геология
|
| 610 |
1 |
|
|a бурение
|
| 610 |
1 |
|
|a скважины
|
| 610 |
1 |
|
|a нефть
|
| 610 |
1 |
|
|a газ
|
| 610 |
1 |
|
|a сыпучие материалы
|
| 610 |
1 |
|
|a хранение
|
| 610 |
1 |
|
|a транспортировка
|
| 610 |
1 |
|
|a контрольно-измерительная техника
|
| 610 |
1 |
|
|a справочники
|
| 675 |
|
|
|a 622.24.057(035)
|v 3
|
| 700 |
|
1 |
|a Мальцев
|b А. В.
|g Александр Владимирович
|
| 701 |
|
1 |
|a Дюков
|b Л. М.
|g Леонид Михайлович
|
| 801 |
|
0 |
|a RU
|b 63413507
|c 20011210
|g PSBO
|
| 801 |
|
2 |
|a RU
|b 63413507
|c 20230119
|g PSBO
|
| 900 |
|
|
|a Контроль и автоматизация технологических процессов при сооружении геологоразведочных скважин
|
| 900 |
|
|
|a Автоматизация производственных процессов в бурении скважин
|
| 900 |
|
|
|a Буровые растворы и тампонажные композиции
|
| 900 |
|
|
|a Буровые промывочные и тампонажные растворы
|
| 900 |
|
|
|a Технология измерений, приборы
|
| 942 |
|
|
|c BK
|